00302nam a2200109 a 4500008004100000050001500041100002200056245006000078260002800138300001700166350000900183120416s1971 ||||||||||||||||| || u aHG 223 Coh aCohen, Benjamin J14aThe future of the sterling as an international currency aLondonbMacmillanc1971 axviii, 260p. a0.00